Historia crítica del teatro ecuatoriano / (Record no. 55552)

MARC details
000 -LEADER
campo de control de longitud fija 00877nam a2200205 i 4500
001 - NÚMERO DE CONTROL
campo de control 55552
003 - IDENTIFICADOR DE NÚMERO DE CONTROL
campo de control ES-MaACL
005 - FECHA Y HORA DE LA ÚLTIMA TRANSACCIÓN
campo de control 20250824025711.0
007 - CAMPO FIJO DE DESCRIPCIÓN FÍSICA--INFORMACIÓN GENERAL
campo de control de longitud fija t|
008 - DATOS DE LONGITUD FIJA--INFORMACIÓN GENERAL
campo de control de longitud fija 030923s1968 ec ||||1| spa d
100 1# - ENTRADA PRINCIPAL--NOMBRE DE PERSONA
Nombre de persona Descalzi, Ricardo.
9 (RLIN) 43834
245 10 - MENCIÓN DEL TÍTULO
Título Historia crítica del teatro ecuatoriano /
Mención de responsabilidad, etc. Ricardo Descalzi.
260 ## - PUBLICACIÓN, DISTRIBUCIÓN, ETC.
Lugar de publicación, distribución, etc. Quito :
Nombre del editor, distribuidor, etc. Casa de la Cultura Ecuatoriana,
Fecha de publicación, distribución, etc. 1968.
300 ## - DESCRIPCIÓN FÍSICA
Extensión 6 v. ;
Dimensiones 19 cm.
505 8# - NOTA DE CONTENIDO CON FORMATO
Nota de contenido con formato Contiene: 1. De los orígenes a 1902 - 2. Los románticos, desde 1905 a 1926 - 3. Los realistas y surrealistas, desde 1927 a 1935 - 4. Los simbolistas, desde 1936 a 1953 - 5. Los expresionistas y neosurrealisas, desde 1954 a 1964 - 6. Los neo-expresionistas, desde 1965 a 1967
650 #7 - PUNTO DE ACCESO ADICIONAL DE MATERIA--TÉRMINO DE MATERIA
Término de materia o nombre geográfico como elemento de entrada Teatro ecuatoriano
Fuente del encabezamiento o término embne
9 (RLIN) 173364
710 2# - ENTRADA AGREGADA--NOMBRE DE ENTIDAD CORPORATIVA
Nombre de entidad corporativa o nombre de jurisdicción como elemento de entrada Casa de la Cultura Ecuatoriana.
9 (RLIN) 173358
852 ## - LOCALIZACIÓN
Ubicación ES-MaACL
Número de control de estantería L-1095-100
Holdings
Estatus retirado Estado de pérdida Estado de daño No para préstamo Biblioteca de origen Biblioteca actual Ubicación en estantería Fecha de adquisición Fuente de adquisición Total de préstamos Signatura topográfica completa Código de barras Visto por última vez Precio de reemplazo Tipo de ítem Koha
        Biblioteca del Ateneo de Madrid Biblioteca del Ateneo de Madrid Depósito 2 17/01/2008     L-1095-100 1058361 23/02/2023 23/02/2023 Libro impreso